Nejvíce bank je v Německu, silná regulace prakticky všude
Český bankový sektor. Bankový sektor Európskej únie. Grafický prehľad počtu bánk vo vybraných krajinách EÚ a v ČR. Grafický prehľad aktív bankového sektora vo vybraných krajinách EÚ a v ČR. Porovnanie štruktúry bankového sektora ČR s bankovým sektorom v Nemecku. Štátny dozor nad bankami a jeho nevýh...
Salvato in:
| Autore principale: | |
|---|---|
| Natura: | Capitolo di libro |
| Lingua: | ceco |
| Soggetti: | |
| Tags: |
Nessun Tag, puoi essere il primo ad aggiungerne!!
|
MARC
| LEADER | 00000naa a2200000 4500 | ||
|---|---|---|---|
| 001 | r019472 | ||
| 005 | 20221205102833.0 | ||
| 041 | 0 | |a cze | |
| 044 | |a CZ | ||
| 245 | 1 | 0 | |a Nejvíce bank je v Německu, silná regulace prakticky všude |c K. Machala |
| 520 | |a Český bankový sektor. Bankový sektor Európskej únie. Grafický prehľad počtu bánk vo vybraných krajinách EÚ a v ČR. Grafický prehľad aktív bankového sektora vo vybraných krajinách EÚ a v ČR. Porovnanie štruktúry bankového sektora ČR s bankovým sektorom v Nemecku. Štátny dozor nad bankami a jeho nevýhody pre občana. | ||
| 610 | 2 | 0 | |a banky |
| 610 | 2 | 0 | |a bankovníctvo |
| 610 | 2 | 0 | |a sústava banková |
| 610 | 2 | 0 | |a dohľad bankový |
| 610 | 2 | 0 | |a porovnanie medzinárodné |
| 610 | 2 | 0 | |a Európska únia |
| 610 | 2 | 0 | |a dozor štátny |
| 610 | 2 | 0 | |a Česko |
| 100 | 1 | |a Machala, Karel | |